000 00338nam a2200109Ia 4500
008 220216s9999 xx 000 0 und d
100 _aSalimkumar P G
245 0 _aWestern ghats ecology expert panel (Gadgil Committee) report and its impact on rubber cultivation
260 _bRubber Board Bulletin
_c2013
300 _a25-29
942 _cJS
999 _c72355
_d72355